|
|
|
|
| LEADER |
00000nab a2200000 a 4500 |
| 001 |
vtls000805168 |
| 003 |
SK-MaSNL |
| 005 |
20260426073807.0 |
| 008 |
140301c2002 xo 0 slo |
| 015 |
|
|
|a SNBRB2002/09-27291
|
| 035 |
|
|
|a CLN000156823
|
| 040 |
|
|
|a SNKBUCL
|b slo
|c SNKBUCL
|e AACR2
|
| 041 |
0 |
|
|a slo
|
| 044 |
|
|
|a xo
|c SK
|
| 080 |
|
|
|a 342.743:336.215.027.8
|2 1997
|
| 080 |
|
|
|a 336.215.027.8
|2 1997
|
| 080 |
|
|
|a 658.118-054.6(437.6)
|2 1997
|
| 080 |
|
|
|a 336.2.027.8-054.6(437.6)
|2 1997
|
| 100 |
1 |
|
|a Špáni, Ivan
|4 aut
|9 839023
|
| 245 |
1 |
0 |
|a Daňové prázdniny sa nerušia
|c Ivan Špáni
|
| 650 |
0 |
7 |
|a dane z príjmov
|2 SNK
|9 2125
|
| 650 |
0 |
7 |
|a oslobodenie od dane
|2 SNK
|9 16506
|
| 650 |
0 |
7 |
|a zahraničné podnikateľské subjekty
|2 SNKPH
|9 827574
|
| 651 |
|
7 |
|a Slovensko
|2 SNKPHgeo
|9 14231
|
| 655 |
|
7 |
|a články z novín a časopisov
|2 SNK
|9 267496
|
| 773 |
0 |
|
|t Hospodárske noviny
|g Roč. 10, č. 151 (7.8.2002), s. 1 a 3
|x 1335-4701
|
| 850 |
|
|
|a Slovenská národná knižnica v Martine
|
| 852 |
|
|
|a SNK
|b KIS3GCP
|
| 958 |
|
|
|a SK
|
| 992 |
|
|
|a RBX
|
| 999 |
|
|
|c 2717458
|d 2719388
|